000 00321nam a2200121 i 4500
001 bg
245 0 _aProblemy ochrony ƛrodowiska geograficznego w koszaliƄskiem /
_cpod red. J. Szukalskiego.
260 _aKoszalin,
_c1973.
040 _cBPK
041 _apol
942 _cKS
008 s pl f |000 0 pol
999 _c19967
_d19967
856 _uhttp://koha.tu.koszalin.pl/cgi-bin/koha/opac-detail.pl?biblionumber=19967
_yKatalog online BPK